000 00507nam a2200181Ia 4500
008 240729s9999 xx 000 0 und d
022 _a2059-7908
245 0 _aBMJ Global Health
260 _aUnited Kingdom
260 _bBMJ Publishing Group
650 _a Infectious and parasitic diseases
650 _a Internal medicine
650 _a Medicine (General) | Medicine
650 _aMedicine
856 _uhttps://doaj.org/toc/f0948d7031d7444cb28a3b0e79fbd55c
942 _2ddc
942 _cDOAJEJ
999 _c67167
_d67167
945 _a1
_bMadushi Gamage
_c1
_dMadushi Gamage